000
00297nam a2200121Ia 4500
008
190216s9999||||xx |||||||||||||| ||und||
100
_a
Dr.Kajal Pandey
245
0
_a
Hindi-Dwizdev Ke Kavya Mein Bimba Vidhan
260
_b
Harsh Publishing
_c
2010
300
_a
104
650
_a
Hindi
942
_c
BK
999
_c
16781
_d
16781